Statistics for All-Time Vancouver Canucks

Click here to take the quiz!

General Stats

  • This quiz has been taken 20 times
  • The average score is 9 of 13

Answer Stats

Position Answer % Correct
1st Line LWD Sedin
100%
1st Line CH Sedin
100%
2nd Line CLinden
90%
1st Line RWBure
90%
GoalieLuongo
90%
2nd Line LWNäslund
80%
1st Line DefenseÖhlund
65%
Backup GoalieMcLean
60%
2nd Line RWSmyl
60%
CoachQuinn
55%
1st Line DefenseJovanovski
50%
2nd Line DefenseLumme
35%
2nd Line DefenseSnepsts
20%

Score Distribution

Percentile by Number Answered

Percent of People with Each Score

Your Score History

You have not taken this quiz